Hướng dẫn soạn bài đại số lớp 7

Spremljeno u:
Bibliografski detalji
Glavni autor: Nguyễn Thị Minh Châu
Daljnji autori: Trần Thu Phương
Format: Knjiga
Jezik:Vietnamese
Izdano: H. Đại học Sư phạm 2004
Teme:
Oznake: Dodaj oznaku
Bez oznaka, Budi prvi tko označuje ovaj zapis!
Thư viện lưu trữ: Trung tâm Học liệu Lê Vũ Hùng, Trường Đại học Đồng Tháp
LEADER 00923pam a22002658a 4500
001 00026140
005 20171026081023.0
008 110813s2004 ||||||viesd
020 |c 34000 
041 0 # |a vie 
082 1 4 |a 512  |b H561D 
100 1 # |a Nguyễn Thị Minh Châu 
245 1 0 |a Hướng dẫn soạn bài đại số lớp 7  |c Nguyễn Thị Minh Châu (ch.b.), Trần Thu Phương 
260 # # |a H.  |b Đại học Sư phạm  |c 2004 
300 # # |a 275 tr.  |c 24 cm. 
650 # 4 |a Lớp 7 
650 # 4 |a Đại số 
650 # 4 |a Sách giáo viên 
700 1 # |a Trần Thu Phương 
852 # # |b Kho giáo trình  |j KGT.0029855, KGT.0029856 
852 # # |b Kho mượn  |j KGT.0029855 
852 # # |j KD.0010905  |j KGT.0029855  |j KGT.0029856 
852 # # |b Kho đọc  |j KD.0010905 
910 |d 13/08/2011 
980 # # |a Trung tâm Học liệu Lê Vũ Hùng, Trường Đại học Đồng Tháp